000 00864nam a2200241 a 4500
003 IIN
005 20250324132039.0
008 250324s9999 xx ad 001 0 eng d
020 _cRs.678.90
_a9789354669590
040 _aIIN
_bEnglish
082 _a612
_bJOH
100 1 _aChatterjee, C.C.
245 1 _aHuman Physiology
_cCC Chatterjee; edited by Nitin Ashok John
250 _a15th ed
260 _bCBS
_aNew Delhi
_c2025
300 _axviii, 541-1046 p. / V.2
_bcol. ill.
500 _aIncludes Index
500 _aIncludes Appendices
505 _aV.1: General Physiology, Blood, Nerve and Muscle, Cardiovascular System, Respiratory system, Gastro-intestinal Tract, Renal Physiology V.2: Endocrines, Reproductive System, Nervous System, Special Senses
650 _aPhysiology
_vHuman
700 1 _aJohn, Nitin Ashok , Ed.
942 _cBOOK
999 _c1683
_d1683